01003nam a2200277Ia 450000500170000000800390001702000150005604100080007110000350007924501610011425000220027530000250029749000280032265000440035065000470039465000370044170000320047870000190051070000310052926400310056033600270059133700330061833800280065104000350067908400110071420220316235422.0121119s2004 ck jr 000 f spa a95863325271 aspa1 aRaspe, Rudolf Erichd1737-179413aEl barón de Munchausen cR.E. Raspe ; traducción, notas y comentarios a las ilustraciones, M. I. Villarino ; apéndice, John Carswell, Gustave Doré aPrimera edición a288 páginasc20 cm0 aTus libros. Satíricos14aLiteratura juvenil ySiglo XVIII2LEMB14aNovela juvenil alemana ySiglo XVIII2LEMB14aAventuras en la literatura2LEMB1 aVillarino, M. I.etraductor1 aCarswell, John1 aDoré, Gustaved1832-1883 aBogotá bRei Andesc2004 atextobtxt2rdacontent asin mediaciónbn2rdamedia avolumenbnc2rdacarrier aCO-BoRNBPbspaerdacCO-BoRNBP aN RAS1